000 00720cam a22002531 4500
001 21928
003 BD-RjUL
005 20211209000739.0
008 140306s1957 pk 000 0 eng
020 _c : PRs . 6/4
035 _a(BD-RjUL)21993
035 _a(OCoLC)17893424
040 _aDLC
_cWaU
_dDLC
_dBD-RjUL
_beng
041 _aeng
082 0 4 _a342.547
_bRAI 1957
100 1 _aRahman, Mukhlesur.
_967701
245 1 3 _aAn introduction to the Constitution of Pakistan /
_cMukhlesur Rahman.
250 _a[1st ed.]
260 _aDacca :
_bBook Corporation,
_c1957.
300 _a130, 81 p. ;
_c23 cm.
650 _aPolitics and government.
_yPakistan
_9142865
942 _2ddc
_cBK
999 _c21928
_d21928